Elephant walk / (Record no. 113709)
[ view plain ]
| 000 -LEADER | |
|---|---|
| fixed length control field | 00493nam a2200169 a 4500 |
| 001 - CONTROL NUMBER | |
| control field | 3173 |
| 005 - DATE AND TIME OF LATEST TRANSACTION | |
| control field | 20140414132035.0 |
| 008 - FIXED-LENGTH DATA ELEMENTS--GENERAL INFORMATION | |
| fixed length control field | 060202s19uu xx 00 eng d |
| 020 ## - INTERNATIONAL STANDARD BOOK NUMBER | |
| International Standard Book Number | 0-439-10987-6 |
| 050 ## - LIBRARY OF CONGRESS CALL NUMBER | |
| Classification number | TR |
| Item number | EL1 1998 |
| 100 ## - MAIN ENTRY--PERSONAL NAME | |
| Personal name | George, Jean Craighead |
| 245 ## - TITLE STATEMENT | |
| Title | Elephant walk / |
| Statement of responsibility, etc | Jean Craighead George ; illustrated by Anna Vojtech. |
| 260 ## - PUBLICATION, DISTRIBUTION, ETC. (IMPRINT) | |
| Place of publication, distribution, etc | New York : |
| Name of publisher, distributor, etc | Scholastic, |
| Date of publication, distribution, etc | 1998. |
| 300 ## - PHYSICAL DESCRIPTION | |
| Extent | 1 v. p. ; cm. |
| 650 ## - SUBJECT ADDED ENTRY--TOPICAL TERM | |
| Topical term or geographic name as entry element | Elephants |
| General subdivision | Fiction |
| -- | Children stories. |
| Withdrawn status | Lost status | Damaged status | Use restrictions | Home library | Current library | Shelving location | Date acquired | Source of acquisition | Cost, normal purchase price | Total Checkouts | Full call number | Barcode | Date last seen | Price effective from | Koha item type |
|---|---|---|---|---|---|---|---|---|---|---|---|---|---|---|---|
| Munich Library | Munich Library | Teachers Reference Section | 02/02/2006 | 95.00 | TR EL1 1998 | M5331 | 04/14/2014 | 04/14/2014 | Books |